000 004940000a22001690004500
041 0 _aENG
082 0 4 _aG 286.7 B5866s
100 1 _aBiederwolf, William Edward (1867–1939)
245 1 0 _aSeventh days adventism : The results of a predicament / William Edward Biederwolf
260 _aGrand Rapids, MI., USA : Eerdmans
300 _a47 Pag
001 10079
942 _cBK
999 _c39821
_d39821
336 _atexto
_btxt
_2rdacontent
337 _2rdamedia
_asin mediación
_bn
338 _2rdacarrier
_avolumen
_bnc